[Event "World Rapid 2022"]
[Site "Almaty KAZ"]
[Date "2022.12.28"]
[Round "13.54"]
[White "Hovhannisyan, Robert"]
[Black "Kadric, Denis"]
[Result "1-0"]
[WhiteTitle "GM"]
[BlackTitle "GM"]
[WhiteElo "2597"]
[BlackElo "2584"]
[WhiteFideId "13302507"]
[BlackFideId "14403803"]
[EventDate "2022.12.26"]

1. e4 d6 2. d4 Nf6 3. Nc3 Nc6 4. Nf3 g6 5. Be3 Bg7 6. Qd2 O-O 7. d5 Nb8 8. Bh6
Bg4 9. Bxg7 Kxg7 10. h4 Bxf3 11. gxf3 e5 12. dxe6 fxe6 13. O-O-O Nc6 14. Bh3 e5
15. Bg4 Nd4 16. h5 Nxg4 17. fxg4 g5 18. Nd5 h6 19. c3 Ne6 20. Ne3 Kh7 21. Nf5
Qf6 22. Rhe1 Rfd8 23. Qc2 a6 24. Re3 Ng7 25. Qb3 Nxf5 26. Rf3 Qe7 27. exf5 b6
28. f6 Qd7 29. Rf5 Rf8 30. Qc2 Kh8 31. Rxe5 Rae8 32. Qe4 Rxe5 33. Qxe5 Qxg4 34.
Qe7 Qf4+ 35. Rd2 Rxf6 36. Qd8+ Kg7 37. Qxc7+ Kf8 38. Qb8+ Kg7 39. Qxb6 g4 40.
Qxa6 Qg5 41. Qb7+ Kf8 42. Qb8+ Kg7 43. Qa7+ Kg8 44. Qd4 Kg7 45. Qd5 Qh4 46. Qb7+
Rf7 47. Qe4 Qxh5 48. Rxd6 Qg5+ 49. Kb1 h5 50. Qd4+ Kh7 51. a4 Qf5+ 52. Ka2 Qxf2
53. Qc4 Qf4 54. Rd4 Qf1 55. Qc5 Kg6 56. Qc6+ Rf6 57. Qe8+ Kg5 58. Rd5+ Rf5 59.
Qd8+ Kg6 60. Qg8+ Kh6 61. Rd7 Rf7 62. Rxf7 Qc4+ 63. Ka3 Qc5+ 64. Kb3 Qd5+ 65.
Kb4 Qd6+ 66. Kb5 Qd5+ 67. Kb6 Qb3+ 68. Kc5 1-0

[Event "World Rapid 2022"]
[Site "Almaty KAZ"]
[Date "2022.12.28"]
[Round "13.55"]
[White "Moussard, Jules"]
[Black "Harutyunyan, Tigran K."]
[Result "1-0"]
[WhiteTitle "GM"]
[BlackTitle "GM"]
[WhiteElo "2684"]
[BlackElo "2511"]
[WhiteFideId "642908"]
[BlackFideId "13303635"]
[EventDate "2022.12.26"]

1. c4 e6 2. Nf3 d5 3. e3 Nf6 4. b3 Be7 5. Bb2 O-O 6. g3 b6 7. Bg2 Bb7 8. O-O c5
9. Nc3 dxc4 10. bxc4 Nc6 11. Qe2 Ne8 12. Rfd1 Nd6 13. d3 Qc8 14. Ne1 a6 15. a4
Nb4 16. f4 Bxg2 17. Nxg2 Qb7 18. e4 Rfd8 19. Ne3 Nc6 20. Qg2 Ne8 21. Rd2 Nd4 22.
Rad1 Nc7 23. h4 Rd7 24. h5 Rad8 25. Qf1 b5 26. axb5 axb5 27. cxb5 Ncxb5 28. Nxb5
Qxb5 29. Nc4 h6 30. Kg2 Nb3 31. Rc2 Na5 32. Ne5 Rd6 33. Bc3 Nc6 34. Nc4 R6d7 35.
Rb2 Nb4 36. Qf3 Bf8 37. g4 Qa6 38. Rbd2 Be7 39. Ne5 Rb7 40. g5 f6 41. Ng6 fxg5
42. fxg5 Bxg5 43. Rf2 Kh7 44. d4 cxd4 45. Rxd4 Rxd4 46. Bxd4 Be7 47. Bxg7 Bc5
48. Be5 Rg7 49. Bxg7 Nd3 50. Qf7 1-0

[Event "World Rapid 2022"]
[Site "Almaty KAZ"]
[Date "2022.12.28"]
[Round "13.56"]
[White "Gadimbayli, Abdulla"]
[Black "Sjugirov, Sanan"]
[Result "1-0"]
[WhiteTitle "GM"]
[BlackTitle "GM"]
[WhiteElo "2524"]
[BlackElo "2712"]
[WhiteFideId "13404938"]
[BlackFideId "4189302"]
[EventDate "2022.12.26"]

1. e4 c5 2. Nf3 Nc6 3. Bb5 g6 4. Bxc6 dxc6 5. d3 Bg7 6. h3 Nf6 7. Nc3 Nd7 8. Be3
b6 9. Qd2 h6 10. O-O e5 11. Nh2 Nf8 12. f4 exf4 13. Bxf4 Ne6 14. Be3 Nd4 15.
Rae1 Be6 16. e5 Bxe5 17. Bxh6 Nf5 18. Rxe5 Qd4+ 19. Be3 Qxe5 20. Ng4 Qc7 21. Bf4
Qb7 22. Nf6+ Kf8 23. Nce4 Bd5 24. Nd6 Qe7 25. Nxf5 Qxf6 26. Bd6+ Ke8 27. Be5
Qxe5 28. Re1 f6 29. Rxe5+ fxe5 30. Ng3 Kd7 31. Qg5 Rae8 32. c4 Bf7 33. Qf6 Rhf8
34. Ne4 Re6 35. Qg7 Ke7 36. Ng5 Rd6 37. Qxe5+ Kd7 38. Qg7 Ke7 39. Qe5+ Kd7 40.
Nh7 Rd8 41. Nf6+ Kc8 42. Qe7 Be6 43. Ne8 1-0

[Event "World Rapid 2022"]
[Site "Almaty KAZ"]
[Date "2022.12.28"]
[Round "13.57"]
[White "Harsha, Bharathakoti"]
[Black "Suleymenov, Alisher"]
[Result "0-1"]
[WhiteTitle "GM"]
[BlackTitle "IM"]
[WhiteElo "2593"]
[BlackElo "2476"]
[WhiteFideId "5078776"]
[BlackFideId "13707833"]
[EventDate "2022.12.26"]

1. d4 Nf6 2. c4 g6 3. Nc3 d5 4. cxd5 Nxd5 5. e4 Nxc3 6. bxc3 Bg7 7. Nf3 c5 8. h3
O-O 9. Be2 cxd4 10. cxd4 f5 11. exf5 Qa5+ 12. Bd2 Qxf5 13. O-O Nc6 14. Be3 Be6
15. Rb1 Bxa2 16. Rxb7 Bd5 17. Rb5 e6 18. Qa4 Rab8 19. Rc5 Rb4 20. Qa3 Rb3 21.
Qc1 Rb6 22. Bc4 Nb4 23. Bd2 Nd3 24. Bxd3 Qxd3 25. Rc3 Qf5 26. Qa3 Rb7 27. Rfc1
Bxd4 28. Qxf8+ Kxf8 29. Nxd4 Qe4 30. Nf3 Ke8 31. Rc8+ Kd7 32. Bg5 Kd6 33. Kh2
Qf5 34. Be3 Bxf3 35. gxf3 Qxf3 36. Rd8+ Ke7 37. Rh8 Kf6 38. Rc4 Ke5 39. Rhc8 Rb5
40. Bxa7 Rb1 41. Bd4+ Kd6 42. Bc5+ 0-1

[Event "World Rapid 2022"]
[Site "Almaty KAZ"]
[Date "2022.12.28"]
[Round "13.58"]
[White "Kovalev, Vladislav"]
[Black "Ghaem Maghami, Ehsan"]
[Result "1/2-1/2"]
[WhiteTitle "GM"]
[BlackTitle "GM"]
[WhiteElo "2623"]
[BlackElo "2490"]
[WhiteFideId "13504398"]
[BlackFideId "12500739"]
[EventDate "2022.12.26"]

1. e4 c6 2. d4 d5 3. exd5 cxd5 4. Bd3 Nc6 5. c3 Nf6 6. h3 g6 7. Nf3 Bf5 8. Be2
Qc7 9. O-O Bg7 10. Be3 O-O 11. Nbd2 1/2-1/2

[Event "World Rapid 2022"]
[Site "Almaty KAZ"]
[Date "2022.12.28"]
[Round "13.59"]
[White "Puranik, Abhimanyu"]
[Black "Batsuren, Dambasuren"]
[Result "1-0"]
[WhiteTitle "GM"]
[BlackTitle "GM"]
[WhiteElo "2616"]
[BlackElo "2525"]
[WhiteFideId "5061245"]
[BlackFideId "4902920"]
[EventDate "2022.12.26"]

1. c4 e6 2. Nf3 Nf6 3. b3 b6 4. Bb2 Bb7 5. e3 Be7 6. d4 c5 7. Bd3 cxd4 8. exd4
d5 9. O-O O-O 10. Nbd2 Nc6 11. Rc1 Rc8 12. a3 dxc4 13. bxc4 Qd7 14. Qe2 Rfd8 15.
Rfe1 Re8 16. Bb1 Bd8 17. Ne4 Nxe4 18. Qxe4 f5 19. Qf4 Bf6 20. Ba2 Rcd8 21. c5
Kh8 22. cxb6 axb6 23. h4 h6 24. Rc2 Qf7 25. Rce2 Bc8 26. Qxf5 exf5 27. Bxf7 Rf8
28. d5 Bxb2 29. Rxb2 Na5 30. Ne5 Kh7 31. Rxb6 Nb7 32. Bg6+ Kg8 33. Nc6 Rd6 34.
Ne7+ Kh8 35. Nxc8 Rxc8 36. Re6 Rxb6 37. Rxb6 Na5 38. Bxf5 Rd8 39. Bd3 Kg8 40.
Rb5 Ra8 41. d6 Kf7 42. Be4 Ra6 43. d7 Ke7 44. Bf5 Nc6 45. Rb3 Kd8 46. Bh3 Ra8
47. Rc3 Ra6 48. Rg3 g5 49. hxg5 hxg5 50. Rxg5 Kc7 51. Rc5 Ra8 52. Bg4 1-0

[Event "World Rapid 2022"]
[Site "Almaty KAZ"]
[Date "2022.12.28"]
[Round "13.60"]
[White "Urazayev, Arystanbek"]
[Black "Utegaliyev, Azamat"]
[Result "1/2-1/2"]
[WhiteTitle "IM"]
[WhiteElo "2465"]
[BlackElo "2445"]
[WhiteFideId "13709810"]
[BlackFideId "13702467"]
[EventDate "2022.12.26"]

1. e4 c5 2. Nf3 Nf6 3. Nc3 d5 4. exd5 Nxd5 5. Bb5+ Bd7 6. Ne5 Nf6 7. Qf3 Qc8 8.
Nxd7 Nbxd7 9. O-O a6 10. Be2 e6 11. a4 Bd6 12. Ne4 Nxe4 13. Qxe4 O-O 14. d3 Qc7
15. h3 Nf6 16. Qc4 b5 17. Qh4 Nd5 18. Bf3 Rab8 19. axb5 axb5 20. Bd2 c4 21. Ra6
Nb4 22. Bxb4 Bxb4 23. d4 Be7 24. Qe4 Rb6 25. Rfa1 Rxa6 26. Rxa6 Bf6 27. g3 h6
28. h4 c3 29. bxc3 Qxc3 30. d5 exd5 31. Qxd5 Qe5 32. Ra7 g5 33. h5 Qxd5 34. Bxd5
b4 35. Kg2 Kg7 36. Kf3 Bc3 37. Rb7 Kf6 38. Kg4 Be1 39. f4 gxf4 40. gxf4 Bc3 41.
Bb3 Rg8+ 42. Kf3 Rf8 43. Bc4 Be1 44. Bb3 Bc3 45. Rb6+ Kg7 46. f5 Rd8 47. Rb7 Kf6
48. Rxf7+ Kg5 49. Ke4 Rd4+ 50. Ke3 Rd8 51. Rb7 Kxf5 52. Rb5+ Kf6 53. Kf3 Rd6 54.
Rc5 Bd4 55. Rc4 Bc3 56. Rg4 Ke7 57. Rg8 Rd4 58. Rg6 Bd2 59. Ke2 Bg5 60. Re6+ Kd7
61. Rb6 Rh4 62. Kf3 Kc7 63. Rb5 Rxh5 64. Rxb4 Rh3+ 65. Kg2 Re3 66. Kf2 Kd6 67.
Rb5 Rc3 68. Rf5 Ke7 69. Kg2 Bf6 70. Kf2 Bd4+ 71. Kg2 Re3 72. Rf7+ Kd8 73. Rh7
Be5 74. Rxh6 Kc7 75. Rg6 Bd4 76. Bc4 Kd7 77. Bd3 Bc5 78. Bb5+ Ke7 79. Rc6 Bd4
80. c4 Rc3 81. Rg6 Re3 82. Kf1 Re5 83. Rg4 Bc5 84. Rg7+ Kf6 85. Rc7 Kg5 86. Bc6
Kf4 87. Bd5 Bd4 88. Rf7+ Rf5 89. Re7 Re5 90. Rh7 Bc5 91. Rf7+ Rf5 92. Rc7 Ke3+
93. Kg2 Rg5+ 94. Kh3 Kd4 95. Kh4 Rg1 96. Kh5 Rg3 97. Rd7 Kc3 98. Rc7 Kd4 99. Rd7
Ke5 1/2-1/2

[Event "World Rapid 2022"]
[Site "Almaty KAZ"]
[Date "2022.12.28"]
[Round "13.61"]
[White "Makarian, Rudik"]
[Black "Demchenko, Anton"]
[Result "1-0"]
[WhiteTitle "IM"]
[BlackTitle "GM"]
[WhiteElo "2554"]
[BlackElo "2632"]
[WhiteFideId "44105681"]
[BlackFideId "4160258"]
[EventDate "2022.12.26"]

1. Nf3 Nf6 2. g3 d6 3. Bg2 e5 4. d3 Be7 5. c4 O-O 6. O-O h6 7. Nc3 Be6 8. b3 c6
9. e4 Qc8 10. d4 Bg4 11. Be3 Na6 12. Qd2 Rd8 13. d5 Bh3 14. Rac1 Bxg2 15. Kxg2
Ng4 16. h3 Nxe3+ 17. Qxe3 Rf8 18. a3 Nc7 19. b4 cxd5 20. exd5 f5 21. c5 e4 22.
Nd2 Qd8 23. cxd6 Bxd6 24. Nc4 Ne8 25. Nb5 Qe7 26. Ncxd6 Nxd6 27. Rc7 Qd8 28. Qd4
Rf7 29. Rxf7 Nxf7 30. Rc1 Qd7 31. Nc7 Rd8 32. Ne6 Qxe6 33. dxe6 Rxd4 34. Rc8+ 1-0

[Event "World Rapid 2022"]
[Site "Almaty KAZ"]
[Date "2022.12.28"]
[Round "13.62"]
[White "Shankland, Sam"]
[Black "Hambleton, Aman"]
[Result "0-1"]
[WhiteTitle "GM"]
[BlackTitle "GM"]
[WhiteElo "2710"]
[BlackElo "2437"]
[WhiteFideId "2004887"]
[BlackFideId "2606577"]
[EventDate "2022.12.26"]

1. c4 c5 2. Nf3 b6 3. d4 cxd4 4. Nxd4 Bb7 5. Nc3 Nf6 6. f3 e6 7. e4 d6 8. Be3 a6
9. Qd2 Nbd7 10. O-O-O Rc8 11. Kb1 Ne5 12. b3 Be7 13. Be2 O-O 14. g4 Qc7 15. g5
Nfd7 16. f4 Nc6 17. Nf5 exf5 18. Nd5 Qd8 19. exf5 Re8 20. f6 Bf8 21. Bg4 Nc5 22.
Rhe1 a5 23. Bf3 Nb4 24. Bxc5 Rxe1 25. Rxe1 Bxd5 26. Bxb4 Bxf3 27. Bc3 g6 28. Qd3
Bg4 29. Kb2 Qd7 30. a4 d5 31. cxd5 Bf5 32. Qd4 Qd6 33. Re7 Rxc3 34. Qxc3 Bxe7
35. fxe7 Qxe7 36. Qd2 Qd6 37. Qd4 Be6 0-1

[Event "World Rapid 2022"]
[Site "Almaty KAZ"]
[Date "2022.12.28"]
[Round "13.63"]
[White "Arjun, Kalyan"]
[Black "Riazantsev, Alexander"]
[Result "0-1"]
[WhiteTitle "GM"]
[BlackTitle "GM"]
[WhiteElo "2505"]
[BlackElo "2626"]
[WhiteFideId "35018701"]
[BlackFideId "4125029"]
[EventDate "2022.12.26"]

1. e4 e5 2. Nf3 Nc6 3. Bc4 Nf6 4. d3 Be7 5. O-O O-O 6. Nc3 d6 7. a4 Be6 8. Nd5
Bxd5 9. exd5 Nb4 10. d4 Nbxd5 11. dxe5 dxe5 12. Nxe5 c6 13. c3 Qc7 14. Nf3 a5
15. Nd4 Rfe8 16. Qf3 Bc5 17. Nf5 g6 18. Nh6+ Kg7 19. Ng4 Nxg4 20. Qxg4 Qb6 21.
Qh4 h5 22. Rb1 Re6 23. b4 Be7 24. Qh3 axb4 25. cxb4 Rxa4 26. Bb2+ Bf6 27. Bxf6+
Rxf6 28. Bxd5 cxd5 29. Qc3 d4 30. Qb2 Ra8 31. Rfd1 Rd8 32. Rd3 h4 33. Rbd1 Rfd6
34. h3 Rd5 35. Qd2 Qf6 36. f4 Rf5 37. Rxd4 Rxd4 38. Qxd4 Rxf4 39. Qxf6+ Rxf6 40.
Rd7 Rb6 41. Rd4 g5 42. Kf2 Kf6 43. Kf3 Ke5 44. Rc4 f5 45. Rc5+ Ke6 46. Rc4 Rb5
47. Ke3 Ke5 48. Kd3 Ke6 49. Ke3 Kd5 50. Kd3 Ke5 51. Ke3 b6 52. Kd3 Rd5+ 53. Ke3
f4+ 54. Kf3 Rd3+ 55. Kf2 Rd4 56. Rc8 Rxb4 57. Rg8 Kf5 58. Rf8+ Ke4 59. Re8+ Kd4
60. Rd8+ Kc4 61. Rc8+ Kd3 62. Rg8 Rb5 63. Kf3 Re5 64. Rd8+ Kc4 65. Rc8+ 0-1

[Event "World Rapid 2022"]
[Site "Almaty KAZ"]
[Date "2022.12.28"]
[Round "13.64"]
[White "Gurel, Ediz"]
[Black "Ghasi, Ameet K"]
[Result "1/2-1/2"]
[WhiteTitle "IM"]
[BlackTitle "IM"]
[WhiteElo "2454"]
[BlackElo "2471"]
[WhiteFideId "44507356"]
[BlackFideId "409200"]
[EventDate "2022.12.26"]

1. e4 c6 2. Nf3 d5 3. d3 g6 4. e5 Bg7 5. d4 Nh6 6. Be2 O-O 7. O-O Bg4 8. Nbd2 f6
9. exf6 exf6 10. h3 Be6 11. Re1 Bf7 12. Bd3 Qd7 13. g4 Na6 14. c3 Rae8 15. Nf1
Rxe1 16. Nxe1 Re8 17. Ng3 Be6 18. Bf4 Nf7 19. Nf3 Nc7 20. Qd2 Nb5 21. Re1 Nbd6
22. Kh2 Qd8 23. b3 b5 24. Qc1 Bf8 25. g5 f5 26. Ne5 Nxe5 27. Rxe5 Bg7 28. Re2 a5
29. h4 Bf7 30. Rxe8+ Bxe8 31. Kg2 Bf7 32. f3 Qd7 33. Ne2 Nb7 34. Qe3 Bf8 35. Be5
b4 36. cxb4 axb4 37. Nf4 Qe8 38. h5 Qe7 39. Ne2 c5 40. hxg6 hxg6 41. Qc1 Bg7 42.
f4 Bxe5 43. fxe5 cxd4 44. Nxd4 Qxe5 45. Qc8+ Kg7 46. Nf3 Qe7 47. Qb8 d4 48. Qe5+
Qxe5 49. Nxe5 Nc5 50. Kf2 Bd5 51. Ke2 Ne6 52. Bc4 Bxc4+ 53. bxc4 Nxg5 54. Nc6
Ne4 55. Nxb4 Nc5 56. Nd3 Nxd3 57. Kxd3 Kf6 58. a4 Ke6 59. a5 Kd6 60. a6 Kc6 61.
c5 g5 62. Kxd4 g4 63. Ke3 g3 64. Kf3 f4 65. Kg2 Kc7 66. Kf3 Kc6 67. Kg2 Kc7 68.
Kf3 Kc6 69. Kg2 1/2-1/2

[Event "World Rapid 2022"]
[Site "Almaty KAZ"]
[Date "2022.12.28"]
[Round "13.65"]
[White "Fedorov, Alexei"]
[Black "Saraci, Nderim"]
[Result "1-0"]
[WhiteTitle "GM"]
[BlackTitle "IM"]
[WhiteElo "2475"]
[BlackElo "2468"]
[WhiteFideId "13500465"]
[BlackFideId "6351921"]
[EventDate "2022.12.26"]

1. e4 e5 2. Nf3 Nc6 3. Bc4 Bc5 4. c3 Nf6 5. d3 a6 6. a4 Ba7 7. Bg5 h6 8. Bh4 d6
9. Nbd2 O-O 10. O-O Be6 11. b4 Re8 12. Re1 Nb8 13. d4 Nbd7 14. d5 Bg4 15. h3 Bh5
16. g4 Bg6 17. a5 Nf8 18. Bf1 Bh7 19. c4 Ng6 20. Bg3 Nf4 21. Rc1 Nd7 22. c5 dxc5
23. b5 axb5 24. Bxf4 exf4 25. Bxb5 c4 26. Rxc4 Re7 27. e5 Bd3 28. Rb4 Bxb5 29.
Rxb5 c6 30. Rxb7 cxd5 31. a6 Nc5 32. Rxe7 Qxe7 33. Nb3 Nxa6 34. Qxd5 Rd8 35. Qc4
Nb4 36. Nfd4 Bxd4 37. Nxd4 Qd7 1-0

[Event "World Rapid 2022"]
[Site "Almaty KAZ"]
[Date "2022.12.28"]
[Round "13.66"]
[White "Jumabayev, Rinat"]
[Black "Burmakin, Vladimir"]
[Result "1-0"]
[WhiteTitle "GM"]
[BlackTitle "GM"]
[WhiteElo "2609"]
[BlackElo "2498"]
[WhiteFideId "13702661"]
[BlackFideId "4105109"]
[EventDate "2022.12.26"]

1. d4 c6 2. Nf3 d5 3. c4 Nf6 4. g3 Bf5 5. Nc3 dxc4 6. Bg2 Nbd7 7. O-O e6 8. Re1
Bb4 9. Nh4 O-O 10. Nxf5 exf5 11. Qc2 g6 12. Rd1 Nb6 13. b3 cxb3 14. Qxb3 Be7 15.
Bh6 Re8 16. d5 Nbxd5 17. Nxd5 cxd5 18. Rxd5 Qb6 19. Rb5 Qe6 20. Qxe6 fxe6 21.
Bxb7 Rab8 22. Rc1 Ne4 23. Bc6 Rxb5 24. Bxb5 Rb8 25. Rc7 Bc5 26. Bc4 Bxf2+ 27.
Kg2 Bb6 28. Bxe6+ 1-0

[Event "World Rapid 2022"]
[Site "Almaty KAZ"]
[Date "2022.12.28"]
[Round "13.67"]
[White "Idani, Pouya"]
[Black "Zhalmakhanov, Ramazan"]
[Result "1/2-1/2"]
[WhiteTitle "GM"]
[BlackTitle "IM"]
[WhiteElo "2637"]
[BlackElo "2401"]
[WhiteFideId "12510130"]
[BlackFideId "13706357"]
[EventDate "2022.12.26"]

1. e4 c5 2. Nf3 d6 3. d4 Nf6 4. dxc5 Nxe4 5. cxd6 Nc6 6. dxe7 Qxd1+ 7. Kxd1 Bxe7
8. Be3 Bf5 9. a3 O-O-O+ 10. Kc1 Bc5 11. Bxc5 Nxc5 12. Nc3 Rhe8 13. Bb5 Ne4 14.
Bxc6 bxc6 15. Nd1 Bg4 16. a4 Bxf3 17. gxf3 Ng5 18. Ra3 Re2 19. Rc3 Kc7 20. b4
Kb7 21. Rg1 Ne6 22. Rf1 Rd4 23. Rb3 Rdd2 24. Ne3 Rxf2 25. Rxf2 Rxf2 26. Ng4 Rf1+
27. Kb2 Nf4 28. b5 f6 29. Re3 Nd5 30. Rd3 h5 31. Ne3 Nxe3 32. Rxe3 cxb5 33. axb5
Kb6 34. c4 Kc5 35. Kc3 g5 36. Kd3 Rd1+ 37. Ke2 Rh1 38. Ra3 Rxh2+ 39. Ke3 Rh4 40.
Rxa7 Rxc4 41. Rf7 Rf4 42. Rb7 h4 43. Rb8 Kd6 44. b6 Kc6 45. Ke2 h3 46. Kf2 h2
47. Rh8 Ra4 48. Kg3 Ra2 49. Rh6 Kb7 50. f4 Ra3+ 51. Kxh2 gxf4 52. Rxf6 1/2-1/2

[Event "World Rapid 2022"]
[Site "Almaty KAZ"]
[Date "2022.12.28"]
[Round "13.68"]
[White "Christiansen, Johan-Sebastian"]
[Black "Agmanov, Zhandos"]
[Result "1/2-1/2"]
[WhiteTitle "GM"]
[BlackTitle "IM"]
[WhiteElo "2578"]
[BlackElo "2442"]
[WhiteFideId "1512668"]
[BlackFideId "13708309"]
[EventDate "2022.12.26"]

1. Nf3 Nf6 2. c4 e6 3. g3 d5 4. Bg2 Be7 5. d4 O-O 6. Qc2 c6 7. O-O b6 8. b3 c5
9. dxc5 bxc5 10. Bb2 Bb7 11. cxd5 exd5 12. Ng5 Nbd7 13. Rd1 h6 14. Nh3 Qb6 15.
e3 Rac8 16. Nf4 d4 17. exd4 cxd4 18. Qe2 Bxg2 19. Bxd4 Bc5 20. Bxc5 Rxc5 21.
Nxg2 Re8 22. Ne3 Rce5 23. Rd3 Nc5 24. Rd1 Nxb3 25. axb3 Rxe3 26. Qf1 Ng4 27. Ra6
Qxb3 28. fxe3 Qxe3+ 29. Kg2 Qe4+ 30. Kg1 Qe3+ 31. Kg2 Qe4+ 32. Kg1 Qe3+ 33. Kg2
Qe4+ 34. Kg1 1/2-1/2

[Event "World Rapid 2022"]
[Site "Almaty KAZ"]
[Date "2022.12.28"]
[Round "13.69"]
[White "Aleksandrov, Aleksej"]
[Black "Tsaruk, Maksim"]
[Result "1-0"]
[WhiteTitle "GM"]
[BlackTitle "FM"]
[WhiteElo "2495"]
[BlackElo "2373"]
[WhiteFideId "13500139"]
[BlackFideId "13511173"]
[EventDate "2022.12.26"]

1. Nf3 Nf6 2. c4 e6 3. b3 d5 4. Bb2 c5 5. e3 Nc6 6. cxd5 exd5 7. Bb5 Bd6 8. O-O
O-O 9. d3 Bd7 10. Nbd2 Re8 11. Rc1 Rc8 12. h3 Rc7 13. Ba3 Qe7 14. Re1 Ne5 15.
Bxd7 Nfxd7 16. Qc2 Nxf3+ 17. Nxf3 Ne5 18. Nd2 Ng6 19. Nf3 Nh4 20. Nxh4 Qxh4 21.
Qd1 Re6 22. d4 c4 23. Bxd6 Rxd6 24. a4 Qd8 25. bxc4 dxc4 26. Qd2 Ra6 27. a5 Qd5
28. e4 Qxa5 29. Qf4 Rf6 30. Qe3 c3 31. d5 c2 32. Re2 Qa4 33. Qd3 Rd6 34. e5 Rd8
35. d6 Rc5 36. g3 g6 37. Kh2 Rdc8 38. Qe3 Qd7 39. Qe4 Rc4 40. Qd5 R8c5 41. Qd3
Rc3 42. Qe4 R5c4 43. Qd5 Rc5 44. Qa2 Qf5 45. Rd2 Rd3 46. Rcxc2 Rxe5 47. Rxd3
Qxd3 48. Rd2 Qf3 49. d7 Re1 50. d8=Q+ Kg7 51. Qb2+ 1-0

[Event "World Rapid 2022"]
[Site "Almaty KAZ"]
[Date "2022.12.28"]
[Round "13.70"]
[White "Averin, Nikolay"]
[Black "Vakhidov, Jakhongir"]
[Result "0-1"]
[WhiteTitle "FM"]
[BlackTitle "GM"]
[WhiteElo "2342"]
[BlackElo "2607"]
[WhiteFideId "24250473"]
[BlackFideId "14201801"]
[EventDate "2022.12.26"]

1. e4 c5 2. Nf3 g6 3. d4 cxd4 4. Nxd4 Bg7 5. c4 Nc6 6. Be3 Qb6 7. Nb5 Qa5+ 8.
N1c3 Nf6 9. f3 d6 10. Qd2 a6 11. Nd4 Nxd4 12. Bxd4 Be6 13. b4 Qxb4 14. Rb1 Qa5
15. Rxb7 O-O 16. Be2 Rfb8 17. Rxe7 Nd7 18. Bxg7 Kxg7 19. O-O Kf8 20. Rxd7 Qc5+
21. Kh1 Bxd7 22. Nd5 Be6 23. Qh6+ Ke8 24. Qxh7 Bxd5 25. exd5 Qd4 26. f4 Kf8 27.
f5 Qg7 28. Qh4 g5 29. Qh3 Qf6 30. Qa3 Rb2 31. Bh5 Rab8 32. Qd3 Rxa2 33. c5 dxc5
34. d6 Ra1 35. d7 Rxf1+ 36. Qxf1 Rd8 37. Qd1 Qd4 38. Qc1 Rxd7 39. h3 f6 40. Qb1
Kg7 41. Qb8 Qa1+ 42. Kh2 0-1

[Event "World Rapid 2022"]
[Site "Almaty KAZ"]
[Date "2022.12.28"]
[Round "13.71"]
[White "Lintchevski, Daniil"]
[Black "Petkov, Momchil"]
[Result "1/2-1/2"]
[WhiteTitle "GM"]
[BlackTitle "GM"]
[WhiteElo "2548"]
[BlackElo "2531"]
[WhiteFideId "4171055"]
[BlackFideId "2921642"]
[EventDate "2022.12.26"]

1. e4 c5 2. Nf3 d6 3. d4 cxd4 4. Nxd4 Nf6 5. Nc3 a6 6. g3 e5 7. Nb3 Be7 8. Bg2
O-O 9. O-O Be6 10. a4 Qc7 11. Re1 Rc8 12. Nd2 Nc6 13. Nf1 Nd4 14. Ne3 b5 15.
axb5 axb5 16. Rxa8 Rxa8 17. Ncd5 Bxd5 18. exd5 b4 19. Bd2 Rb8 20. c3 bxc3 21.
Bxc3 Nb5 22. Bd2 g6 23. b4 Nd4 24. Qb1 Bd8 25. Qd3 Qd7 26. Nc4 Qb5 27. Qf1 Bc7
28. Ne3 Qd7 29. Rb1 Bb6 30. h3 Nf5 31. Qd3 e4 32. Bxe4 Nxe4 33. Qxe4 Re8 34. Qf3
Nd4 35. Qg2 h5 36. Kh1 Qb5 37. Qf1 Qd7 38. Kg2 Qe7 39. Qd3 Qf6 40. Nc4 Re2 41.
Rf1 Ba7 42. Bc3 Qf5 43. Qxf5 Nxf5 44. Bd2 h4 45. gxh4 Nxh4+ 46. Kg3 Nf5+ 47. Kf3
Nd4+ 48. Kg2 Nb5 49. Bf4 Re4 50. Nxd6 Rxf4 51. Nxb5 Bb6 52. Nc3 Rxb4 53. Rd1 Rb2
54. Ne4 f5 55. Rd2 Rxd2 56. Nxd2 Kf7 57. Nc4 Bd4 58. f4 Kf6 59. Kf3 Bc5 60. Na5
Ke7 61. Nc4 Kf6 62. Ke2 Bg1 63. Ne5 Bd4 64. Nxg6 1/2-1/2

[Event "World Rapid 2022"]
[Site "Almaty KAZ"]
[Date "2022.12.28"]
[Round "13.72"]
[White "Damjanovic, Vuk"]
[Black "Narayanan, Srinath"]
[Result "0-1"]
[WhiteTitle "FM"]
[BlackTitle "GM"]
[WhiteElo "2361"]
[BlackElo "2559"]
[WhiteFideId "980021"]
[BlackFideId "5018420"]
[EventDate "2022.12.26"]

1. d4 Nf6 2. Nf3 d5 3. c4 e6 4. Nc3 h6 5. e3 Bd6 6. Bd3 dxc4 7. Bxc4 Nc6 8. Nb5
O-O 9. O-O a6 10. Nxd6 cxd6 11. b3 b5 12. Be2 Bb7 13. Bb2 Nb4 14. a3 Nbd5 15.
Rc1 Ne4 16. Nd2 Nxd2 17. Qxd2 f5 18. Bf3 Qd7 19. Rc2 Rac8 20. Rxc8 Rxc8 21. Rc1
Rxc1+ 22. Qxc1 Nf6 23. Bxb7 Qxb7 24. f3 Kh7 25. Qc2 a5 26. Bc1 Qd7 27. Bd2 a4
28. Kf2 Kg8 29. bxa4 bxa4 30. Qc4 Nd5 31. Bb4 Qd8 32. g3 Qb8 33. e4 fxe4 34.
fxe4 Nxb4 35. Qxe6+ Kh8 36. axb4 a3 37. Qb3 Qa7 0-1

[Event "World Rapid 2022"]
[Site "Almaty KAZ"]
[Date "2022.12.28"]
[Round "13.73"]
[White "Alonso Rosell, Alvar"]
[Black "Zverev, Lev"]
[Result "1/2-1/2"]
[WhiteTitle "GM"]
[BlackTitle "FM"]
[WhiteElo "2561"]
[BlackElo "2310"]
[WhiteFideId "2270544"]
[BlackFideId "24250775"]
[EventDate "2022.12.26"]

1. d4 d5 2. c4 dxc4 3. Nf3 Nf6 4. e3 e6 5. Bxc4 a6 6. O-O c5 7. dxc5 Bxc5 8.
Qxd8+ Kxd8 9. Be2 Ke7 10. Nc3 b5 11. Nd2 Ra7 12. a4 b4 13. Nce4 Bb6 14. a5 Bc7
15. Nxf6 gxf6 16. Nc4 Nc6 17. Bd2 Bd7 18. Rfc1 Rb8 19. f4 e5 20. fxe5 fxe5 21.
Bf3 Rb5 22. Be1 Ke8 23. b3 Nxa5 24. Nxa5 Rxa5 25. Bxb4 Rxa1 26. Rxa1 Bb6 27. Kf2
Bb5 28. Be2 Bxe2 29. Kxe2 f6 30. Kd3 Kd7 31. Kc4 Bxe3 32. Bf8 Bd4 33. Ra2 Ke6
34. b4 Rc7+ 35. Bc5 Rc6 36. g4 Bg1 37. Rg2 Be3 38. Re2 Bg1 39. Rg2 Bd4 40. Ra2
Be3 41. Re2 Bf4 42. h3 f5 43. Ra2 fxg4 44. hxg4 Kd7 45. Kd5 Rg6 46. Ra3 Kc7 47.
b5 axb5 48. Ra7+ Kd8 49. Bd6 Ke8 50. Re7+ Kf8 51. Rxh7+ Kg8 52. Rb7 Rxg4 53.
Rxb5 e4 54. Rb8+ Kh7 55. Bxf4 Rxf4 56. Re8 Kg7 57. Rxe4 Rxe4 58. Kxe4 1/2-1/2

[Event "World Rapid 2022"]
[Site "Almaty KAZ"]
[Date "2022.12.28"]
[Round "13.74"]
[White "Munkhdalai, Amilal"]
[Black "Bilguun, Sumiya"]
[Result "1/2-1/2"]
[WhiteTitle "FM"]
[BlackTitle "GM"]
[WhiteElo "2142"]
[BlackElo "2474"]
[WhiteFideId "4903250"]
[BlackFideId "4901541"]
[EventDate "2022.12.26"]

1. e4 c5 2. Nf3 Nc6 3. d4 cxd4 4. Nxd4 g6 5. c4 Nf6 6. Nc3 d6 7. Be2 Nxd4 8.
Qxd4 Bg7 9. Be3 O-O 10. Qd2 a5 11. Rc1 a4 12. O-O Qa5 13. f3 Be6 14. Nd5 Qxd2
15. Bxd2 Bxd5 16. cxd5 Nd7 17. Rc7 Nc5 18. Be3 Rfc8 19. Rxc8+ Rxc8 20. Rb1 f5
21. exf5 gxf5 22. Bb5 Kf7 23. b4 axb3 24. axb3 Kg6 25. Kf1 Be5 26. g3 h5 1/2-1/2